Geography Quiz

Random Geography or Blitz Quiz

15 in 15: Capitals of Europe Quiz Stats

 Plays Quiz Updated Nov 18, 2019

Score 0/15 Timer 00:15
1,615 Plays Today
% Correct
London
89.7%
Paris
87.1%
Stockholm
82.8%
Madrid
79.5%
Vienna
78.6%
Lisbon
77.9%
Oslo
76.8%
Budapest
75.6%
% Correct
Copenhagen
74.4%
Moscow
74.1%
Belgrade
66.1%
Monaco
65%
Riga
64.7%
Zagreb
62.9%
Vaduz
45.8%

You're not logged in!

Compare scores with friends on all Sporcle quizzes.
OR
Log In

Sporcle TV

Today on Sporcle TV


Watch our educational content, quiz creation guides, and fun videos on Sporcle TV.

Show Comments

Extras

Top Quizzes Today


Score Distribution

Your Account Isn't Verified!

In order to create a playlist on Sporcle, you need to verify the email address you used during registration. Go to your Sporcle Settings to finish the process.

Report this User

Report this user for behavior that violates our Community Guidelines.

Details: